000 00563nam a2200181Ia 4500
003 GCL
008 140319s9999 xx 000 0 ara d
040 _aGCL /
_cGCL
082 0 4 _a785.092
_bد م
100 1 _aدار الراتب الجامعية
245 1 0 _aموزار: وولففانغ اماديوس موزار /
_cدار الراتب الجامعية
300 _a75 ص
490 _a100 قصة
_v0
650 0 4 _aالتراجم
650 0 4 _aالموسيقيون النمساويون
650 0 4 _aالموسيقيون - تراجم
942 _2ddc
_cBK
999 _c46438
_d46438